MARC details
| 000 -LEADER |
| fixed length control field |
01067 a2200481 4500 |
| 000 - LEADER |
| fixed length control field |
BKB |
| 001 - CONTROL NUMBER |
| control field |
138136 |
| 005 - DATE AND TIME OF LATEST TRANSACTION |
| control field |
20200902153410.0 |
| 008 - FIXED-LENGTH DATA ELEMENTS--GENERAL INFORMATION |
| fixed length control field |
|
| 010 ## - LIBRARY OF CONGRESS CONTROL NUMBER |
| LC control number |
|
| 020 ## - INTERNATIONAL STANDARD BOOK NUMBER |
| International Standard Book Number |
9780821395530 |
| 082 ## - DEWEY DECIMAL CLASSIFICATION NUMBER |
| Classification number |
338.195492 |
| Item number |
K52S |
| 100 1# - MAIN ENTRY--PERSONAL NAME |
| Personal name |
Khandkar, Shahidar R. |
| 110 ## - MAIN ENTRY--CORPORATE NAME |
| Corporate name or jurisdiction name as entry element |
|
| 245 1# - TITLE STATEMENT |
| Title |
Seasonal Hunger and public policies : evidence from northwest |
| Statement of responsibility, etc |
by Shahidar R. Khandkar and Wahiduddin Mahmud |
| 250 ## - EDITION STATEMENT |
| Edition statement |
|
| 260 ## - PUBLICATION, DISTRIBUTION, ETC. (IMPRINT) |
| Place of publication, distribution, etc |
Washington |
| Name of publisher, distributor, etc |
The World Bank |
| Date of publication, distribution, etc |
2012 |
| 300 ## - PHYSICAL DESCRIPTION |
| Extent |
191p. |
| 490 ## - SERIES STATEMENT |
| Series statement |
|
| Volume number/sequential designation |
|
| 500 ## - GENERAL NOTE |
| General note |
|
| 600 ## - SUBJECT ADDED ENTRY--PERSONAL NAME |
| Personal name |
|
| 610 ## - SUBJECT ADDED ENTRY--CORPORATE NAME |
| Corporate name or jurisdiction name as entry element |
|
| 611 ## - SUBJECT ADDED ENTRY--MEETING NAME |
| Meeting name or jurisdiction name as entry element |
|
| 630 ## - SUBJECT ADDED ENTRY--UNIFORM TITLE |
| Uniform title |
PPLG |
| 650 ## - SUBJECT ADDED ENTRY--TOPICAL TERM |
| Topical term or geographic name as entry element |
|
| 651 ## - SUBJECT ADDED ENTRY--GEOGRAPHIC NAME |
| Geographic name |
|
| 654 ## - SUBJECT ADDED ENTRY--FACETED TOPICAL TERM |
| Focus term |
|
| 690 ## - LOCAL SUBJECT ADDED ENTRY--TOPICAL TERM (OCLC, RLIN) |
| Topical term or geographic name as entry element |
Nutrition policy--Planning |
| 690 ## - LOCAL SUBJECT ADDED ENTRY--TOPICAL TERM (OCLC, RLIN) |
| Topical term or geographic name as entry element |
Bangladesh |
| 690 ## - LOCAL SUBJECT ADDED ENTRY--TOPICAL TERM (OCLC, RLIN) |
| Topical term or geographic name as entry element |
Food supply--Seasonal variations |
| 690 ## - LOCAL SUBJECT ADDED ENTRY--TOPICAL TERM (OCLC, RLIN) |
| Topical term or geographic name as entry element |
Hunger |
| 700 ## - ADDED ENTRY--PERSONAL NAME |
| Personal name |
Mahmud, Wahiduddin |
| Numeration |
|
| Titles and other words associated with a name |
|
| 710 ## - ADDED ENTRY--CORPORATE NAME |
| Corporate name or jurisdiction name as entry element |
|
| Subordinate unit |
|
| Location of meeting |
|
| 711 ## - ADDED ENTRY--MEETING NAME |
| Meeting name or jurisdiction name as entry element |
|
| 720 ## - ADDED ENTRY--UNCONTROLLED NAME |
| Name |
|
| 730 ## - ADDED ENTRY--UNIFORM TITLE |
| Uniform title |
|
| 740 ## - ADDED ENTRY--UNCONTROLLED RELATED/ANALYTICAL TITLE |
| Uncontrolled related/analytical title |
|
| 752 ## - ADDED ENTRY--HIERARCHICAL PLACE NAME |
| Country or larger entity |
|
| 856 ## - ELECTRONIC LOCATION AND ACCESS |
| Host name |
|
| Path |
|
| Electronic name |
|
| 904 ## - LOCAL DATA ELEMENT D, LDD (RLIN) |
| a |
|
| 964 ## - |
| -- |
|
| -- |
|
| -- |
|
| -- |
|
| -- |
|
| -- |
|
| -- |
|
| 965 ## - |
| -- |
|